Sports Quiz

Random Sports or Football Quiz

Australian Football League Teams Quiz Stats

 Plays Quiz Updated Mar 19, 2020

Support Sporcle.
Go Orange.
Score 0/18 Timer 03:00
5 Plays Today
Club % Correct
Sydney Swans
91.9%
Adelaide Crows
91.5%
Brisbane Lions
91.2%
Collingwood Magpies
88.7%
Melbourne Demons
87.5%
West Coast Eagles
86.9%
Richmond Tigers
86.8%
Geelong Cats
86.6%
Gold Coast Suns
86%
Club % Correct
Fremantle Dockers
85.8%
Hawthorn Hawks
85.4%
Carlton Blues
85.4%
Greater Western Sydney Giants
85.3%
Port Adelaide Power
84.9%
Essendon Bombers
83.7%
North Melbourne Kangaroos
83.7%
Western Bulldogs
82%
St. Kilda Saints
79.9%

From the Vault

'E' & 'F' Names by 3 Surnames

by lolshortee

The "E" might not be a grade, but that "F" sure is.
Remove Ads.
Support Sporcle.
Get the best of Sporcle when you Go Orange. This ad-free experience offers more features, more stats, and more fun while also helping to support Sporcle. Thank you for becoming a member.

Show Comments

Extras

Top Quizzes Today


Score Distribution

Your Account Isn't Verified!

In order to create a playlist on Sporcle, you need to verify the email address you used during registration. Go to your Sporcle Settings to finish the process.

Report this User

Report this user for behavior that violates our Community Guidelines.

Details: